000 00714nam a2200253 i 4500
001 C2-0097140
003 PPAK
005 20180727093915.0
008 970518s1982 my |||| ||||| | may d
040 _aPPAK
_beng
_cPPAK
_erda
082 0 4 _a301
_223
090 0 0 _a301
_bINK
_dG
090 0 0 _a301
_bINK
_dKAR
090 0 0 _a301
_bINK
_dKIH
100 1 _aInkeles, Alex,
_eauthor
245 1 0 _aApa itu sosiologi?
_bsuatu pengenalan mengenai disiplin dan profesion
264 1 _aKuala Lumpur :
_bDewan Bahasa dan Pustaka ,
_c1982
300 _aviii, 239 pages ;
_c22 cm
336 _2rdacontent
_atext
337 _2rdamedia
_aunmediated
338 _2rdacarrier
_avolume
650 1 0 _aSociology
942 _ddc
_cB
999 _c21166
_d21166